Cabezudo /

Wedi'i Gadw mewn:
Manylion Llyfryddiaeth
Prif Awdur: Cabezudo, Kote
Awduron Eraill: De Elorza, Patrizio
Fformat: Llyfr
Iaith:Saesneg
Cyhoeddwyd: Barcelona Udyat c1999
Cyfres:Foto - Erotica 2
Pynciau:
Tagiau: Ychwanegu Tag
Dim Tagiau, Byddwch y cyntaf i dagio'r cofnod hwn!

MARC

LEADER 00000nam a2200000 4500
001 CDOM0000002873
003 mi
005 20251012212351.0
008 251012b |||||||| |||| 00| 0 eng d
020 |a 8493105511 
040 |c mi 
100 |a Cabezudo, Kote 
245 1 |a Cabezudo /  |c Kote Cabezudo ; pref. di Patrizio de Elorza 
260 |a Barcelona  |b Udyat  |c c1999 
300 |a 80 p.  |b in gran parte ill., fot.  |c 30 cm. 
490 |a Foto - Erotica  |v 2 
610 |a Cabezudo, Kote - Fotografia - Nudo maschile 
700 |a De Elorza, Patrizio 
942 |2 ddc  |c BK 
952 |0 0  |1 0  |2 ddc  |4 0  |6 B_AFT01CABKOCAB11  |7 0  |9 6295  |a MI  |b MI  |d 2006-09-29  |i 5203  |l 0  |o B-AFT01-CABKO-CAB11  |p CDOM5203  |r 2025-07-13 16:28:00  |w 2025-07-13  |x DONO  |y BK 
999 |c 5047  |d 5047